EL libro negro del emprendedor. No digas que nunca te lo advirtieron.

Guardat en:
Dades bibliogràfiques
Autor principal: Trías de Bes, Fernando (autor)
Format: Desconegut
Publicat: Madrid, España: Empresa Activa, 2007.
Col·lecció:Gestión del conocimiento.
Matèries:
Etiquetes: Afegir etiqueta
Sense etiquetes, Sigues el primer a etiquetar aquest registre!

MARC

LEADER 00000 a2200000 4500
003 CL-VaPUC
005 20231130170014.0
008 221209t2007 ||||| |||| 00| 0 eng d
999 |c 439306  |d 439304 
020 |a 9788496627260 
040 |c Pontificia Universidad Católica de Valparaíso 
082 7 |a 658.421 TRI 2007  |2 22 
100 1 |a Trías de Bes, Fernando  |9 878330  |e autor  
245 1 3 |a EL libro negro del emprendedor.  |b  No digas que nunca te lo advirtieron.  
260 |a Madrid, España:  |b Empresa Activa,  |c 2007. 
300 |a 183 páginas. 
490 |a Gestión del conocimiento. 
583 |k GC  |c 20221209 
650 0 |a Emprendimiento  |9 886312  |x Manuales técnicos 
650 |a Nuevas empresas   |9 877159 
650 0 |a Planificación de empresas  |9 886313 
942 |2 ddc  |c BK 
952 |0 0  |1 0  |2 ddc  |4 0  |6 658_421000000000000_TRI_2007  |7 0  |8 R  |9 588190  |a BIBENE  |b BIBENE  |c RES  |d 2022-12-09  |e 3  |g 11860.00  |i 5656001  |o 658.421 TRI 2007  |p 5656001  |r 2025-01-15  |t 1  |v 11860.00  |w 2022-12-09  |y BK_R  |k ICO 
952 |0 0  |1 0  |2 ddc  |4 0  |6 658_421000000000000_TRI_2007  |7 0  |8 R  |9 588191  |a BIBENE  |b BIBENE  |c RES  |d 2022-12-09  |e 3  |g 11860.00  |i 5656002  |l 7  |m 2  |o 658.421 TRI 2007  |p 5656002  |r 2025-01-15  |s 2024-08-29  |t 2  |v 11860.00  |w 2022-12-09  |y BK_R  |k ICO